Морфология почв: учебник

Bibliografski detalji
Glavni autor: Розанов Б. Г. Борис Георгиевич
Autor kompanije: Московский государственный университет им. М. В. Ломоносова
Sažetak:К 250-летию МГУ
Морфология почв является одним из основополагающих разделов почвоведения, в концентрированном виде отражающим историю почвообразования в процессе трансформации почв и их эволюции из горных пород. Детальное исследование морфологических свойств почв дает ключ к познанию многообразия почвенных характеристик, представляя собой важнейший этап изучения генезиса почв. Разработка критериев морфологической диагностики позволяет на основании морфологических описаний почв получать первичную детальную информацию о строении и свойствах почвенных профилей, на базе которой разрабатываются различные аспекты классификации и систематики почв. Фактически, морфология почв представляет собой информационную и методологическую основу для развития классификационного и географического направлений в современном почвоведении, а предлагаемый учебник является, по существу, уникальным, не имеющим аналогов справочным и методическим пособием для специалистов-почвоведов и географов почв.
Jezik:ruski
Izdano: Москва, Академический проект, 2004
Serija:Учебник для высшей школы
Gaudeamus
Teme:
Format: Knjiga
KOHA link:https://koha.lib.tpu.ru/cgi-bin/koha/opac-detail.pl?biblionumber=88286

MARC

LEADER 00000nam0a2200000 4500
001 88286
005 20231031102600.0
010 |a 5829104512 
035 |a (RuTPU)RU\TPU\book\94766 
090 |a 88286 
100 |a 20051222d2004 m y0rusy50 ca 
101 0 |a rus 
102 |a RU 
105 |a a j 011zy 
200 1 |a Морфология почв  |e учебник  |f Б. Г. Розанов 
210 |a Москва  |c Академический проект  |d 2004 
215 |a 432 с.  |c ил. 
225 1 |a Учебник для высшей школы 
225 1 |a Gaudeamus 
300 |a К 250-летию МГУ 
320 |a Библиография в конце книги. 
330 |a Морфология почв является одним из основополагающих разделов почвоведения, в концентрированном виде отражающим историю почвообразования в процессе трансформации почв и их эволюции из горных пород. Детальное исследование морфологических свойств почв дает ключ к познанию многообразия почвенных характеристик, представляя собой важнейший этап изучения генезиса почв. Разработка критериев морфологической диагностики позволяет на основании морфологических описаний почв получать первичную детальную информацию о строении и свойствах почвенных профилей, на базе которой разрабатываются различные аспекты классификации и систематики почв. Фактически, морфология почв представляет собой информационную и методологическую основу для развития классификационного и географического направлений в современном почвоведении, а предлагаемый учебник является, по существу, уникальным, не имеющим аналогов справочным и методическим пособием для специалистов-почвоведов и географов почв. 
610 1 |a почва 
610 1 |a почвоведение 
610 1 |a почвенный профиль 
610 1 |a почвенный горизонт 
610 1 |a сложение 
610 1 |a окраска 
610 1 |a новообразования 
610 1 |a включения 
610 1 |a живые фазы 
610 1 |a почвообразование 
610 1 |a морфология 
610 1 |a морфологический анализ 
610 1 |a учебники 
675 |a 631.4(075.8)  |v 3 
700 1 |a Розанов  |b Б. Г.  |g Борис Георгиевич 
712 0 2 |a Московский государственный университет им. М. В. Ломоносова  |2 stltpush  |3 (RuTPU)RU\TPU\col\7 
801 1 |a RU  |b 63413507  |c 20051222  |g PSBO 
801 2 |a RU  |b 63413507  |c 20180302  |g PSBO 
900 |a Почвоведение и экология почв 
942 |c BK 
952 |b 020701 
959 |a 117/20051222  |d 1  |e 175  |f НФ:1